00538nam a2200157Ia 4500100003100000942000700031654001300038245004600051260002700097082002100124300000800145546001200153999001700165952009900182952009900281 aMann/ Eric/ Litton/ Gerry  cBK acomputer aPC Week : Guide to Lotus Notes Ref 4 bZiff Daviz Pressc1996 a005.139(l)bman/ a972 aENGLISH c22226d22226 001040708CRCaCRCEbCRCEd2023-03-17l0o005.139(l) man/p10851r2023-03-17w2023-03-17yBK 001040708CRCaCRCEbCRCEd2023-03-17l0o005.139(l) man/p10852r2025-02-28w2023-03-17yBK